| 000 | 00868cab a2200277 4500 | ||
|---|---|---|---|
| 001 | ABS56908 | ||
| 008 | 090401t1997 xxu||||| |||| 00| 0 eng d | ||
| 035 | _a(Sirsi) u77823 | ||
| 041 | _aeng | ||
| 100 | _aSpencer, J. | ||
| 245 | _aContaminated site valuations and issues | ||
| 260 | _c1997 | ||
| 350 | _a0 | ||
| 490 |
_aValuer and Land Economist _v34(5) February 1997, 443-445(3) |
||
| 520 | _aDiscusses the issues surrounding the valuation of contaminated land - such as the liability of the owner, remediation options and relevant legislation. (Australian article). | ||
| 650 | _aCONTAMINATED LAND | ||
| 650 | _aENVIRONMENTAL AUDITS | ||
| 650 | _aHAZARDOUS SUBSTANCES | ||
| 650 | _aLIABILITY | ||
| 650 | _aREMEDIATION | ||
| 650 | _aSTIGMA | ||
| 650 | _aVALUATION ISSUES | ||
| 690 | _aRATING AND VALUATION | ||
| 942 | _n0 | ||
| 948 | _c21/04/1997 | ||
| 999 |
_c48929 _d48929 |
||